| 000 | 00564nam a2200193Ia 4500 | ||
|---|---|---|---|
| 003 | OSt | ||
| 005 | 20251205145758.0 | ||
| 008 | 210719s1976 xx 000 0 und d | ||
| 040 | _cAL | ||
| 041 | _aKannada | ||
| 082 | _aK894.1 NAGP | ||
| 100 |
_aNAGACHANDRA; _dನಾಗಚಂದ್ರ _9247905 |
||
| 245 |
_aRamachandracharita puranam. _b ರಾಮಚಂದ್ರಚರಿತ ಪುರಾಣಂ. |
||
| 260 |
_aBengaluru _bKannada Sahitya Parishattu _c1976 |
||
| 300 |
_a533 _bHB |
||
| 365 |
_b15 _cRs |
||
| 650 |
_aKannada Poetry _9247906 |
||
| 942 |
_2ddc _cBK |
||
| 999 |
_c213068 _d213068 |
||